01192nam a2200289 i 4500999001500000001000600015003000900021005001700030008004100047020001800088040004300106082002100149100002900170245003700199250001200236260004100248300002800289490003500317504005100352526000800403650003700411650004000448942001200488952013400500952013400634952013400768 c1539d153918698BD-DhUAP20200210093821.0200210s2011 enk b 001 0 eng  a9780230285699 aDLCbengerdacDLCdYDXdNICdBD-DhUAP04a346.4202 MCK2231 aMcKendrick, Ewan.93731210aContract law /cEwan McKendrick. a9th ed. aWest Yorkshire :bMacmillan,cc2011. axi, 396 pages ;c24 cm. aPalgrave Macmillan law masters aIncludes bibliographical references and index. aENH 0aContractszGreat Britain.937313 0aAgency (Law)zGreat Britain.937314 2ddccBK 00102ddc4070aUAPCLbUAPCLcGeneral Stacksd2020-02-10l2o346.4202 MCKp3010018698r2024-11-23s2024-09-26t1w2020-02-10yBK 00102ddc4070aUAPCLbUAPCLcGeneral Stacksd2020-02-10l1o346.4202 MCKp3010018696r2024-10-30s2024-10-14t2w2020-02-10yBK 00102ddc4070aUAPCLbUAPCLcGeneral Stacksd2020-02-10l2o346.4202 MCKp3010018697r2024-10-27s2024-10-14t3w2020-02-10yBK